| Tag |
First Indicator |
Second Indicator |
Subfields |
| LEADER |
00000cas a2200000 a 4500 |
| 001 |
in00004453713 |
| 005 |
20191202121000.0 |
| 008 |
771109d19751980ge x m 0uuua0eng d |
| 010 |
|
|
|a sf 83006958
|
| 019 |
|
|
|a 7970447
|
| 022 |
|
|
|a 0323-6102
|
| 035 |
|
|
|a (OCoLC)03404160
|
| 035 |
|
|
|z (UtOrBLW)1533
|
| 035 |
|
|
|a 2613
|
| 040 |
|
|
|a MUL
|c MUL
|d HUL
|d MUL
|d NLM
|d DLC
|d NST
|d DLC
|d RCS
|d OCL
|d TMV
|d UtOrBLW
|
| 042 |
|
|
|a lcd
|
| 049 |
|
|
|a [Shelved] [by Title] TMVM
|
| 050 |
0 |
0 |
|a UNC
|
| 060 |
0 |
0 |
|a W1 EX511TA
|
| 060 |
|
4 |
|a x
|
| 069 |
1 |
|
|a E19610020
|
| 245 |
0 |
0 |
|a Experimentelle Pathologie.
|p Supplement =
|b Experimental pathology.
|p Supplement.
|
| 246 |
1 |
1 |
|a Experimental pathology.
|p Supplement
|
| 246 |
3 |
0 |
|a Experimentelle Pathologie. Supplement
|
| 264 |
|
1 |
|a Jena [Germany] :
|b Gustav Fischer,
|c -[1980?]
|
| 264 |
|
4 |
|c ©1975-
|
| 300 |
|
|
|a volumes :
|b illustrations ;
|c 24 cm.
|
| 310 |
|
|
|a Irregular
|
| 336 |
|
|
|a text
|2 rdacontent
|b txt
|
| 337 |
|
|
|a unmediated
|2 rdamedia
|
| 338 |
|
|
|a volume
|2 rdacarrier
|b nc
|
| 362 |
0 |
|
|a 1-[6?].
|
| 650 |
|
2 |
|a Pathology.
|
| 655 |
|
2 |
|a Periodicals.
|
| 772 |
1 |
|
|t Experimentelle Pathologie
|w (DLC)sf 83008001
|
| 785 |
0 |
0 |
|t Experimental pathology. Supplement
|
| 999 |
|
|
|a MARS
|
| 999 |
f |
f |
|s 9bf13fa5-64f5-35e8-afe4-6b8aaeecd616
|i bd2423b8-6170-3e99-9595-c657935f44d4
|t 0
|
| 952 |
f |
f |
|p ric
|a Texas A&M University
|b Rellis Campus
|c Joint Library Facility
|d Remote Storage
|t 0
|h No information provided
|i unmediated -- volume
|k no.1
|l 1975
|m 3238900500984
|
| 998 |
f |
f |
|s 1(1975)
|t 0
|l Remote Storage
|